000 00776nam a2200205 a 4500
001 000010334
005 20240412074217.0
008 091006s1982 dr 001 0 spa d
040 _aDO-SdBNP
_bspa
_cBNPHU
082 _aRD861.44
_bF825m
100 1 _aFranco, Franklin J.,
_d1936-
_934417
245 1 0 _aMaría Roselia :
_bpoemas /
_cVenecia Franco de Pichardo ; prólogo Mercedes Argentina Núñez de Domínguez.
260 _aSantiago de los Caballeros, República Dominicana :
_bCorripio,
_c1982.
300 _a141 p. ;
_c23 cm.
500 _aIncluye datos biográficos de la autora en la contracubierta
650 0 _aPoesía dominicana
_966
650 0 _aLiteratura dominicana.
_967
700 1 _aNúñez de Domínguez, Mercedes Argentina,
_epról.
_925350
049 _aBNPD
999 _c10093
_d10093